Logo BPK

Biblioteka

Politechniki Koszalińskiej

Studia o procesach migracji zagranicznych. (Rekord nr 32358)

Szczegóły MARC
000 -ETYKIETA REKORDU
podpole kontrolne o stałej długości 00919nam a2200229 i 4500
001 - NUMER KONTROLNY REKORDU
pole kontrolne bg
040 ## - ŹRÓDŁO KATALOGOWANIA
Instytucja, która utworzyła rekord BPK
041 1# - KOD JĘZYKA
Kod języka tekstu pl
Kod języka dokumentu towarzyszącego innego niż libretto en
Kod języka oryginału ende
080 ## - UNIWERSALNA KLASYFIKACJA DZIESIĘTNA - UKD
UKD 314.7
008 - POLE O STAŁEJ DŁUGOŚCI - DANE KONTROLNE
podpole kontrolne o stałej długości s pl f |000 0 pol
245 00 - TYTUŁ/ODPOWIEDZIALNOŚĆ
Tytuł Studia o procesach migracji zagranicznych.
Oznaczenie części/sekcji dzieła T. 1,
Tytuł części/sekcji dzieła Charakterystyka procesów migracyjnych /
Pozostałe elementy strefy tytułu i oznaczenia odpowiedzialności wybór tekstów i red. nauk. Stanisława Golinowska, Edward Marek.
260 ## - STREFA ADRESU WYDAWNICZEGO
Miejsce wydania Warszawa :
Nazwa wydawcy/dystrybutora IPiSS,
Data publikacji, dystrybucji/powstania dokumentu 1994.
300 ## - STREFA OPISU FIZYCZNEGO
Objętość 148 s. (w tym 8 k.tabl.złoż.) ;
Rozmiary 21 cm.
490 1# - STREFA SERII I DOKUMENTU WIELOCZĘŚCIOWEGO - FORMA NIE DO WYSZUKIWANIA
Tytuł i oznaczenie odpowiedzialności serii Studia i Materiały / Instytut Pracy i Spraw Socjalnych,
ISSN 0239-9458 ;
Numeracja w obrębie serii z. 3 (393)
500 ## - UWAGI OGÓLNE
Tekst uwagi Wstęp i spis treści także ang. - Tekst częśc. tł. z ang., niem.
504 ## - UWAGA DOTYCZĄCA BIBLIOGRAFII
Informacje o bibliografii Bibliogr. przy pracach.
650 #9 - HASŁO PRZEDMIOTOWE W FORMIE NAZWY OGÓLNEJ LUB JEDNOSTKOWEJ
Nazwa ogólna lub geograficzna Migracje
Określnik ogólny zagadnienia
700 1# - HASŁO DODATKOWE - NAZWA OSOBOWA
Nazwa osobowa GOLINOWSKA, Stanisława
Określenie związku między hasłem a opisywanym materiałem Red.
700 1# - HASŁO DODATKOWE - NAZWA OSOBOWA
Nazwa osobowa MAREK, Edward
Określenie związku między hasłem a opisywanym materiałem Red.
830 #0 - HASŁO DODATKOWE SERII LUB DOKUMENTU WIELOCZĘŚCIOWEGO - TYTUŁ UJEDNOLICONY
Tytuł ujednolicony Studia i Materiały (Instytut Pracy i Spraw Socjalnych) ;
Oznaczenie tomu z. 3 (393)
856 ## - LOKALIZACJA I DOSTĘP DO ELEKTRONICZNYCH DOKUMENTÓW ZDALNYCH
Link (URL) http://koha.tu.koszalin.pl/cgi-bin/koha/opac-detail.pl?biblionumber=32358
Tekst linku Katalog online BPK
942 ## - DODATKOWE ELEMENTY (KOHA)
Typ dokumentu Książka
Egzemplarze
Wycofany Status egzemplarza Uszkodzony Dostępność Lokalizacja stała Lokalizacja bieżąca Miejsce przechowywania Sygnatura Kod kreskowy Dział Typ dokumentu
      Tylko na miejscu Biblioteka Politechniki Koszalińskiej Biblioteka Politechniki Koszalińskiej Czytelnia Wydziałowa ul. Kwiatkowskiego 6e 41116 01275940 314 Demografia Książka
© 2023 Biblioteka Politechniki Koszalińskiej :: KOHA